000 00466cam a2200205 4500
001 D7027
008 090401t1970 xxu||||| |||| 00| 0 eng d
035 _a(Sirsi) u4769
041 _aeng
050 _a346.41043
100 _aMaudsley, R.H.
245 _aLand law: cases and materials
250 _a2nd
260 _aLondon
_bButterworths
_c1970
300 _alxi. 719p. 25cm
350 _a3.6
700 _aBurn, E.H.
942 _n0
948 _c04/03/1997
999 _c86062
_d86062